Fluid Mechanics and Machinery / (Record no. 805)
[ view plain ]
| 000 -LEADER | |
|---|---|
| fixed length control field | 00549nac a22001691u 4500 |
| 008 - FIXED-LENGTH DATA ELEMENTS--GENERAL INFORMATION | |
| fixed length control field | 100907s2004 ii ill |r|||| 001 0 eng d |
| 020 ## - INTERNATIONAL STANDARD BOOK NUMBER | |
| International Standard Book Number | 8122413862 |
| 082 ## - DEWEY DECIMAL CLASSIFICATION NUMBER | |
| Classification number | 620.106 |
| Item number | DUR |
| Edition number | 22 |
| 100 ## - MAIN ENTRY--PERSONAL NAME | |
| Personal name | Durgaiah, D. Rama. |
| 9 (RLIN) | 18730 |
| 245 ## - TITLE STATEMENT | |
| Title | Fluid Mechanics and Machinery / |
| Statement of responsibility, etc | D. Rama. Durgaiah |
| 250 ## - EDITION STATEMENT | |
| Edition statement | Durgaiah |
| 260 ## - PUBLICATION, DISTRIBUTION, ETC. (IMPRINT) | |
| Place of publication, distribution, etc | New Delhi : |
| Name of publisher, distributor, etc | New Age International, |
| Date of publication, distribution, etc | c2004. |
| 300 ## - PHYSICAL DESCRIPTION | |
| Extent | 884 p. : |
| Other physical details | ill. ; |
| Dimensions | 24 cm. |
| 504 ## - BIBLIOGRAPHY, ETC. NOTE | |
| Bibliography, etc | Includes bibliographical references and index. |
| 650 ## - SUBJECT ADDED ENTRY--TOPICAL TERM | |
| Topical term or geographic name as entry element | Fluid dynamics. |
| 9 (RLIN) | 18731 |
| 942 ## - ADDED ENTRY ELEMENTS (KOHA) | |
| Item type | Book - Borrowing |
| Call number prefix | 620.106DUR |
| Source of classification or shelving scheme | Dewey Decimal Classification |
| Withdrawn status | Item status | Source of classification or shelving scheme | Damaged status | Not for loan | Vendor | Home library | Current library | Shelving location | Date acquired | Source of acquisition | Cost, normal purchase price | Total Checkouts | Full call number | Barcode | Date last seen | Cost, replacement price | Koha item type | Checked out | Date last borrowed |
|---|---|---|---|---|---|---|---|---|---|---|---|---|---|---|---|---|---|---|---|
| Dewey Decimal Classification | Central Library | Central Library | First floor | 07/09/2010 | 120.00 | 620.106 DUR | 000003754 | 15/07/2025 | 150.00 | Book - Borrowing | |||||||||
| Dewey Decimal Classification | Central Library | Central Library | First floor | 07/09/2010 | 120.00 | 2 | 620.106 DUR | 000003753 | 12/12/2019 | 150.00 | Book - Borrowing | 26/12/2019 | 12/12/2019 |